Länder nach Wappen #1 - Statistiken

Allgemein
  • Dieses Quiz wurde 3.489 mal gespielt
  • Das Durchschnittsergebnis liegt bei 12 aus 18
Antwortstatistiken
Bildquiz Antwort % Korrekt
Deutschland
99%
Vereinigte Staaten
98%
Südkorea
97%
Island
93%
China
91%
Spanien
89%
Nepal
84%
Griechenland
83%
Israel
80%
Iran
70%
Irland
59%
Taiwan
51%
Afghanistan
45%
Mongolei
43%
Laos
42%
Malaysia
31%
Bangladesch
27%
Papua-Neuguinea
13%
Keine übereinstimmenden Quizze gefunden
Verteilung der Resultate
Anzahl Personen mit jedem Resultat
Perzentil nach korrekt beantworteten Fragen
Ihre Resultats-Entwicklung
Sie haben dieses Quiz noch nicht gespielt